• 首页
  • 本馆介绍
  • 公告通知
  • 最新文献
  • 馆藏检索
  • 电子资源
  • 读者导购
  • 参考咨询
  • 我的图书馆
  • 登录
  • 详细信息显示
  • 放入我的书架
  • 预约/预借图书
  • 作者相关作品
  • 分类相关作品
  • 丛书相关作品
  • 出版社相关作品

书目信息

  • 表格格式
  • 工作单格式
  • 卡片格式
题名:
化工原理实验
    
 
作者: 王书礼 编著
分册:  
出版信息: 开封   河南大学出版社  1993.1
页数: 103页
开本: 26cm
丛书名:
单 册:
中图分类: TQ02-33
科图分类: 81.17057
主题词: 化工过程--实验--高等学校--教材
电子资源:
ISBN: 7-81018-824-0
000 00791nam0 2200241 45
001 0193040072
005 20070613095131.45
010    @a7-81018-824-0@dCNY3.35
100    @a19930921d1993 em y0chiy0121 ea
101 0  @achi
102    @aCN@b410000
105    @ay z 000yy
200 10 @a化工原理实验@AHUA GONG YUAN LI SHI YAN@f王书礼等编著@FWANG SHU LI DENG BIAN ZHU
210    @a开封@c河南大学出版社@d1993.1@h1994
215    @a103页@d26cm
330    @a本书介绍了流体流动形态流速分布等10个演示实验以及流体在管路中流动阻力的测定等10个定量实验。
540 1  @a化工 原理@AHUA GONG YUAN LI
606    @a化工过程@x实验@x高等学校@x教材
690    @aTQ02-33@v三版
692    @a81.17057
701  0 @a王书礼@AWANG SHU LI@4编著
801  0 @aCN@bTSSF@c20070613
905    @a10447@dTQ02-33@e149
    
    化工原理实验/王书礼等编著.-开封:河南大学出版社,1993.1(1994)
    103页;26cm
    
    
    ISBN 7-81018-824-0:CNY3.35
    本书介绍了流体流动形态流速分布等10个演示实验以及流体在管路中流动阻力的测定等10个定量实验。
●
相关链接 在E读中查询图书 在五车中查询图书 在当当中查询图书 在豆瓣中查询图书


正题名:化工原理实验     索取号:TQ02-33/149         预约/预借

序号 登录号 条形码 馆藏地/架位号 状态 备注
1 0635434   206354345   第二样本阅览室/ [索取号:TQ02-33/149] 在馆    
2 0635435   206354354   密集书库/ [索取号:TQ02-33/149] 在馆    
3 0635436   206354363   密集书库/ [索取号:TQ02-33/149] 在馆    
4 0635437   206354372   密集书库/ [索取号:TQ02-33/149] 在馆    
5 0635438   206354381   密集书库/ [索取号:TQ02-33/149] 在馆    
6 0635439   206354390   密集书库/ [索取号:TQ02-33/149] 在馆    
7 0635440   206354407   密集书库/ [索取号:TQ02-33/149] 在馆    
8 0635441   206354416   密集书库/ [索取号:TQ02-33/149] 在馆    
9 0635442   206354425   密集书库/ [索取号:TQ02-33/149] 在馆    
10 0635443   206354434   密集书库/ [索取号:TQ02-33/149] 在馆    
11 0635444   206354443   密集书库/ [索取号:TQ02-33/149] 在馆    
12 0635445   206354452   密集书库/ [索取号:TQ02-33/149] 在馆    
13 0635446   206354461   密集书库/ [索取号:TQ02-33/149] 在馆    
14 0635447   206354470   密集书库/ [索取号:TQ02-33/149] 在馆    
15 0635448   206354489   密集书库/ [索取号:TQ02-33/149] 在馆    
16 0635449   206354498   密集书库/ [索取号:TQ02-33/149] 在馆    
17 0635450   206354504   密集书库/ [索取号:TQ02-33/149] 在馆    
18 0635451   206354513   密集书库/ [索取号:TQ02-33/149] 在馆    
唐山师范学院图书馆 欢迎您!
大连网信软件有限公司© 版权所有